| 000 | 01113nam a22003017a 4500 | ||
|---|---|---|---|
| 999 |
_c29480 _d29451 |
||
| 003 | EG-ScBUE | ||
| 005 | 20210923130855.0 | ||
| 008 | 110804s2006 ua f b 000 0 ara d | ||
| 017 | _a1993/4155 | ||
| 020 | _a9770133442 | ||
| 040 |
_aEG-ScBUE _bara _erda _cEG-ScBUE _dEG-ScBUE |
||
| 043 | _af-ua--- | ||
| 082 | 0 | 4 |
_a892.73509962 _bب د و _222 |
| 100 | 1 |
_926593 _aبدوي، محمد، _eمؤلف. |
|
| 245 | 1 | 2 |
_aالرواية الحديثة في مصر : _bدراسة في التشكيل والإيديولوجيا / _cمحمد بدوي. |
| 264 | 1 |
_aالقاهرة : _bالهيئة المصرية العامة للكتاب، _c2006. |
|
| 300 |
_a318 صفحة ؛ _c24 سم |
||
| 336 |
_2rdacontent _aنص _btxt |
||
| 337 |
_2rdamedia _aبدون وسيط _bn |
||
| 338 |
_2rdacarrier _aمجلد _bnc |
||
| 504 | _aيشتمل على إرجاعات ببليوجرافية. | ||
| 541 | _cDonation. | ||
| 650 | 7 |
_926595 _aالقصة العربية _xتاريخ _zمصر _yالعصر الحديث. _2BUEsh |
|
| 651 | _2BUEsh | ||
| 653 |
_cAugust2011 _bARALIT |
||
| 655 |
_vReading book _934232 |
||
| 942 |
_2ddc _cBB |
||